Анализ и описание проблем субсинхронных колебаний в электроэнергетических системах с фотоэлектрическими установками; Бутаковские чтения

מידע ביבליוגרפי
Parent link:Бутаковские чтения.— 2025.— С. 92-94
מחבר ראשי: Скорина Е. С.
מחברים אחרים: Суворов А. А. Алексей Александрович (научный руководитель)
סיכום:Текстовый файл
שפה:רוסית
יצא לאור: 2025
נושאים:
גישה מקוונת:conference_tpu-2025-C133_p92-94.pdf
פורמט: אלקטרוני Book Chapter
KOHA link:https://koha.lib.tpu.ru/cgi-bin/koha/opac-detail.pl?biblionumber=685863

MARC

LEADER 00000naa2a2200000 4500
001 685863
005 20260331142143.0
090 |a 685863 
100 |a 20260331d2025 k||y0rusy50 ca 
101 0 |a rus 
102 |a RU 
135 |a drcn ---uucaa 
200 1 |a Анализ и описание проблем субсинхронных колебаний в электроэнергетических системах с фотоэлектрическими установками  |f Е. С. Скорина  |g науч. рук. А. А. Суворов 
283 |2 RDAcarrier 
320 |a Список литературы: 4 назв 
336 |a Текстовый файл 
463 1 |0 685753  |9 685753  |t Бутаковские чтения  |o сборник статей V Всероссийской с международным участием молодёжной конференции, 9-11 декабря 2025 г., Томск  |n Изд-во ТПУ  |c Томск  |d 2025  |u conference_tpu-2025-C133.pdf  |v С. 92-94 
545 1 |a Цифровизация в электроэнергетике и интеллектуальные энергосистемы 
610 1 |a труды учёных ТПУ 
610 1 |a электронный ресурс 
610 1 |a субсинхронные колебания  
610 1 |a частотный диапазон 
610 1 |a инверторы 
700 1 |a Скорина  |b Е. С. 
702 1 |a Суворов  |b А. А.  |c специалист в области электроэнергетики  |c доцент Томского политехнического университета, кандидат технических наук  |f 1990-  |g Алексей Александрович  |4 727 
801 0 |a RU  |b 63413507  |c 20260331 
850 |a 63413507 
856 4 0 |u conference_tpu-2025-C133_p92-94.pdf  |z conference_tpu-2025-C133_p92-94.pdf 
942 |c CF